O'Higgins.
Gorde:
| Egile nagusia: | |
|---|---|
| Formatua: | Liburua |
| Argitaratua: |
Santiago, Chile:
Zig-Zag,
1976-1977.
|
| Edizioa: | 9a.edición. |
| Saila: | Libros de bolsillo Zig-Zag,
|
| Gaiak: | |
| Etiketak: |
Etiketa erantsi
Etiketarik gabe, Izan zaitez lehena erregistro honi etiketa jartzen!
|
MARC
| LEADER | 00000nam a22000007a 4500 | ||
|---|---|---|---|
| 003 | CL-VaPUC | ||
| 005 | 20231215105923.0 | ||
| 008 | 220708k19761977 ||||| |||| 00| 0 eng d | ||
| 999 | |c 436860 |d 436858 | ||
| 040 | |c Pontificia Universidad Católica de Valparaíso | ||
| 082 | 0 | 4 | |a 923.1 EYZ 1976 (t.I) |b |2 21 |
| 082 | 0 | 4 | |a 923.1 EYZ 1977 (t.II) |
| 100 | |a Eyzaguirre Gutiérrez, Jaime |e autor |9 584583 | ||
| 245 | 1 | 0 | |a O'Higgins. |
| 250 | |a 9a.edición. | ||
| 260 | |a Santiago, Chile: |b Zig-Zag, |c 1976-1977. | ||
| 300 | |a 2 tomos. | ||
| 490 | |a Libros de bolsillo Zig-Zag, |n 9. | ||
| 500 | |a T.I-II-c.1 Donación Familia Prof. Alejandro Guzmán Brito. | ||
| 583 | |a last modification |c 20000106 00:00:00 |k Cristina María Rojas Aguilar | ||
| 600 | 0 | |a O'higgins Riquelme, Bernardo |9 317764 |x Biografía |z Chile | |
| 942 | |c BK |2 ddc |n 0 | ||
| 952 | |0 0 |1 0 |2 ddc |4 0 |6 923_100000000000000_EYZ_1977 |7 0 |8 C_AGB |9 584589 |a BIBDER |b BIBDER |d 2022-07-08 |e Donación |h t.II |i 5652715 |o 923.1 EYZ 1977 |p 5652715 |r 2023-01-25 |t 1 |w 2022-07-08 |y BK_US |k AGB | ||
| 952 | |0 0 |1 0 |2 ddc |4 0 |6 923_100000000000000_EYZ_1976 |7 0 |8 C_AGB |9 585938 |a BIBDER |b BIBDER |d 2022-08-08 |e Donación |h t.I |i 5653869 |o 923.1 EYZ 1976 |p 5653869 |r 2023-01-25 |t 1 |w 2022-08-08 |y BK_US |k AGB | ||